Organización industrial / (Record no. 19545)

MARC details
000 -LEADER
campo de control de longitud fija 00613nam a2200181 i 4500
001 - NÚMERO DE CONTROL
campo de control 19545
003 - IDENTIFICADOR DE NÚMERO DE CONTROL
campo de control ES-MaACL
005 - FECHA Y HORA DE LA ÚLTIMA TRANSACCIÓN
campo de control 20230906152123.0
007 - CAMPO FIJO DE DESCRIPCIÓN FÍSICA--INFORMACIÓN GENERAL
campo de control de longitud fija t|
008 - DATOS DE LONGITUD FIJA--INFORMACIÓN GENERAL
campo de control de longitud fija 021003m19711972sp ||||1| spa d
100 1# - ENTRADA PRINCIPAL--NOMBRE DE PERSONA
Nombre de persona Abancens López, Aurelio,
9 (RLIN) 17966
245 10 - MENCIÓN DEL TÍTULO
Título Organización industrial /
Mención de responsabilidad, etc. Aurelio Abancens López y José Mª Lasheras Esteban.
260 ## - PUBLICACIÓN, DISTRIBUCIÓN, ETC.
Lugar de publicación, distribución, etc. San Sebastián :
Nombre del editor, distribuidor, etc. Editorial Donostiarra,
Fecha de publicación, distribución, etc. [1971-72] (
Lugar de fabricación/manufactura Zaragoza :
Fabricante Octavio y Félez)
300 ## - DESCRIPCIÓN FÍSICA
Extensión 2 v. :
Otras características físicas il. ;
Dimensiones 24 cm.
700 1# - ENTRADA AGREGADA--NOMBRE PERSONAL
Nombre de persona Lasheras Esteban, José María.
9 (RLIN) 70438
852 ## - LOCALIZACIÓN
Ubicación ES-MaACL
Número de control de estantería C-54241-2
Sublocalización o colección R.80294
Holdings
Estatus retirado Estado de pérdida Estado de daño No para préstamo Biblioteca de origen Biblioteca actual Ubicación en estantería Fecha de adquisición Fuente de adquisición Total de préstamos Signatura topográfica completa Código de barras Visto por última vez Precio de reemplazo Tipo de ítem Koha
        Biblioteca del Ateneo de Madrid Biblioteca del Ateneo de Madrid Depósito 2 17/01/2008     C-54241-2 1019998 23/02/2023 23/02/2023 Libro impreso